| 000 | 00839nam a2200205 a 4500 | ||
|---|---|---|---|
| 003 | 0 | ||
| 005 | 20250318095443.0 | ||
| 008 | 071127s19uu xx 00 eng d | ||
| 050 |
_aPGS PN 1992.8.E4.A33 _b.D362 2007 |
||
| 100 | _aDelos Reyes, Christopher Nick G. | ||
| 245 |
_aEffects of watching educational T.V. shows on the academic performance of grade 5 and 6 students of S.I.S.C. / _cChristopher Nick G. Delos Reyes. |
||
| 260 |
_aLas PiƱas City, Philippines : _bSouthville International School and Colleges, _c2007. |
||
| 300 |
_a22 pages : _billustrations ; _c28 cm. |
||
| 504 | _aIncludes bibliographical references. | ||
| 650 |
_aEducational television programs _vInfluence. |
||
| 650 | _aTelevision in education. | ||
| 650 | _aAcademic achievement. | ||
| 650 |
_aStudents _vTelevision viewing habits. |
||
| 942 |
_2lcc _cPASS |
||
| 999 |
_c97702 _d97702 |
||